Normal view
MARC view
- Speranza, Olivia
Entry Personal Name
001 - CONTROL NUMBER
- control field: 38316
003 - CONTROL NUMBER IDENTIFIER
- control field: OSt
005 - DATE AND TIME OF LATEST TRANSACTION
- control field: 20150811114419.0
008 - FIXED-LENGTH DATA ELEMENTS
- fixed length control field: 150811|| aca||aabn | a|a d
040 ## - CATALOGING SOURCE
- Original cataloging agency: OSt
100 1# - HEADING--PERSONAL NAME
- Personal name: Speranza, Olivia